00623naa#a2200169#i#4500001001600000005001700016011001400033100004100047102000700088200018200095210005200277215001100329608002700340675004000367700002400407856002200431EN\\bibl\12231820260512035150.2##a1998-6785##a20230921b2023####ek#y0engy0150####ca##aRU1#aChinese Migrants and Regional Administration in the Russian Far East in the Second Half of the XIX – Early XX Centuries in the light of James Scott's researcheJournal article1#aVladivostokcVladivostok State Universityd2023##a12 с.##aJournal article2local##aВсеобщая история. 94#1aPoznyakgTatiana Z.4#aojkum.editorum.ru